Online Catalogue and eLibrary

Akkaraikal pachchai illai (Record no. 4108)

MARC details
000 -LEADER
fixed length control field 00357nam a2200145Ia 4500
005 - DATE AND TIME OF LATEST TRANSACTION
control field 20250405120350.0
008 - FIXED-LENGTH DATA ELEMENTS--GENERAL INFORMATION
fixed length control field 240331s9999 xx 000 0 und d
082 ## - DDC Classification
Item Number - Author Mark SUB
Class No. 894
100 ## - MAIN ENTRY--PERSONAL NAME
Personal name Subramaniam, A
245 #0 - TITLE STATEMENT
Title Akkaraikal pachchai illai
260 ## - PUBLICATION, DISTRIBUTION, ETC.
Place of publication, distribution, etc. Colombo
Name of publisher, distributor, etc. Virakesari
Date of publication, distribution, etc. 1977
300 ## - PHYSICAL DESCRIPTION
Extent (e.g. Volumes, Pages etc.) 304 p .,
500 ## - GENERAL NOTE
General note Ilathu samugal navales
942 ## - Koha item type (Biblio)
Koha item type Books in Stacks (Lending)
Holdings
Lost status Damaged status Collection code Home library Current library Shelving location Date acquired Full call number Accession Number Item type
    Lending WERC Library WERC Library Social Science Cupboard 03/31/2024 894.811 SUB 5135 Books in Stacks (Lending)

© WERC Library